000 01040cad a22002415a 4500
001 E146538
008 090202s2008 xxk f 000 0 eng d
035 _a(Sirsi) u146538
041 0 _aeng
050 0 4 _a627.4 $2 18
110 2 _aScottish Natural Heritage
_92794
245 0 4 _aThe economic impact of Scotland's natural environment
_bcommissioned report no. 304
_h[electronic resource]
260 _aInverness
_bScottish Natural Heritage
_c2008
490 0 _aScottish Natural Heritage Commissioned Report
_v(304)
520 _aExamines the ways in which the natural environment contributes to the growth of the Scottish economy. Describes case studies carried out at Cairngorms National Park and the Borders.
521 _aAdvanced
590 _aKA
651 4 _aScotland
_y1999-
690 _aPROPERTY-RURAL AND NATURAL ASSETS
690 _aENVIRONMENTAL AND LAND CONSULTANCY
856 4 0 _uhttps://www.snh.org.uk/pdfs/publications/commissioned_reports/304.pdf
_zView the report free of charge at www.snh.org.uk...
942 _n0
999 _c109213
_d109213